|
书名:
|
鱼用饲料与配方调制
|
|
|
作者:
|
石道全
编
|
|
出版信息:
|
南昌
江西科学技术出版社
2000.01
|
|
开本页数:
|
19cm 
148页
|
|
丛书名:
|
|
|
单 册:
|
|
|
中图分类:
|
S965.8
|
|
科图分类:
|
|
|
主题词:
|
水产养殖--技术
|
|
电子资源:
|
|
|
ISBN:
|
7-5390-1663-9
|
|
000
|
00571nam0 2200193 45
|
|
001
|
0647418952
|
|
005
|
20060220131042.00
|
|
010
|
|
@a7-5390-1663-9@dCNY6.00
|
|
100
|
|
@a20060220d2000 km y0chiy0120 ea
|
|
101
|
0
|
@achi
|
|
102
|
|
@aCN@b360000
|
|
200
|
1
|
@a鱼用饲料与配方调制@Ayu yong si liao yu pei fang diao zhi@f石道全等编@Fshi dao quan deng bian
|
|
210
|
|
@a南昌@c江西科学技术出版社@d2000.01
|
|
215
|
|
@a148页@d19cm
|
|
606
|
0
|
@a水产养殖@x技术
|
|
690
|
|
@aS965.8@v3
|
|
701
|
0
|
@a石道全@Ashi dao quan@4编
|
|
801
|
0
|
@aCN@bPFT@c20060220
|
|
905
|
|
@a10447@dS965.8@e20
|
|
|
|
|
| |
| 鱼用饲料与配方调制/石道全等编.-南昌:江西科学技术出版社,2000.01 |
| 148页;19cm |
| |
| |
| ISBN 7-5390-1663-9:CNY6.00 |
| |
| ● |
正题名:鱼用饲料与配方调制
索取号:S965.8/20
 
预约/预借
| 序号
|
登录号
|
条形码
|
馆藏地/架位号
|
状态
|
备注
|
|
1
|
13733
|
200137333
|
海科密-1楼/13架9列7层/
[索取号:S965.8/20]
|
在馆
|
|
|
2
|
13734
|
200137342
|
海科密-1楼/13架9列7层/
[索取号:S965.8/20]
|
在馆
|
|
|
3
|
13735
|
200137351
|
海科密-1楼/13架9列7层/
[索取号:S965.8/20]
|
在馆
|
|
|
4
|
13736
|
200137360
|
海科密-1楼/13架9列7层/
[索取号:S965.8/20]
|
在馆
|
|
|
5
|
13737
|
200137379
|
海科密-1楼/13架9列7层/
[索取号:S965.8/20]
|
在馆
|
|